Die 30 wertvollsten Spieler bei der FIFA Klub-WM 2025 - Statistiken

Allgemein
  • Dieses Quiz wurde 231 mal gespielt
  • Das Durchschnittsergebnis liegt bei 20 aus 30
Antwortstatistiken
# Marktwert Verein Spieler % Korrekt
3. 180 Mio. € Manchester City Erling Haaland
98%
1. 180 Mio. € Real Madrid Kylian Mbappe
98%
5. 140 Mio. € FC Bayern München Jamal Musiala
97%
4. 170 Mio. € Real Madrid Vinicius Jr.
97%
2. 180 Mio. € Real Madrid Jude Bellingham
96%
26. 75 Mio. € FC Bayern München Harry Kane
88%
12. 95 Mio. € Inter Mailand Lautaro Martinez
82%
7. 120 Mio. € FC Chelsea Cole Palmer
80%
13. 90 Mio. € Real Madrid Rodrygo
80%
11. 100 Mio. € FC Bayern München Michael Olise
79%
15. 90 Mio. € Paris Saint-Germain Ousmane Dembele
79%
10. 100 Mio. € Manchester City Phil Foden
77%
17. 90 Mio. € Paris Saint-Germain Desire Doue
71%
6. 130 Mio. € Real Madrid Federico Valverde
71%
9. 100 Mio. € Atletico Madrid Julian Alvarez
71%
30. 70 Mio. € Paris Saint-Germain Nuno Mendes / Bradley Barcola
71%
8. 110 Mio. € Manchester City Rodri
71%
20. 80 Mio. € Paris Saint-Germain Vitinha
67%
19. 80 Mio. € Paris Saint-Germain Achraf Hakimi
56%
23. 75 Mio. € Real Madrid Aurelien Tchouameni
55%
28. 75 Mio. € Inter Mailand Nicolo Barella
54%
18. 80 Mio. € Inter Mailand Alessandro Bastoni
53%
29. 75 Mio. € Inter Mailand Marcus Thuram
51%
21. 80 Mio. € Paris Saint-Germain Joao Neves
49%
14. 90 Mio. € FC Chelsea Moises Caicedo
46%
27. 75 Mio. € FC Chelsea Enzo Fernandez
45%
16. 90 Mio. € Paris Saint-Germain Khvicha Kvaratskhelia
45%
24. 75 Mio. € Manchester City Josko Gvardiol
38%
25. 75 Mio. € Manchester City Omar Marmoush
38%
22. 75 Mio. € Real Madrid Trent Alexander-Arnold
35%
Keine übereinstimmenden Quizze gefunden
Verteilung der Resultate
Anzahl Personen mit jedem Resultat
Perzentil nach korrekt beantworteten Fragen
Ihre Resultats-Entwicklung
Sie haben dieses Quiz noch nicht gespielt